书目信息 |
| 题名: |
区域农产品冷链物流配送优化研究
|
|
| 作者: | 姚源果, 著 | |
| 分册: | ||
| 出版信息: | 北京 中国农业出版社 2020.8 |
|
| 页数: | 132页 | |
| 开本: | 23cm | |
| 丛书名: | ||
| 单 册: | ||
| 中图分类: | F252.8 | |
| 科图分类: | ||
| 主题词: | 农产品--nong chan pin--冷冻食品--物资配送--研究 | |
| 电子资源: | ||
| ISBN: | 978-7-109-27134-0 | |
| 000 | 00959nam0 2200241 450 | |
| 001 | 2159486135 | |
| 005 | 20211011172911.0 | |
| 010 | @a978-7-109-27134-0@dCNY58.00 | |
| 100 | @a20201125d2020 em y0chiy50 ea | |
| 101 | 0 | @achi |
| 102 | @aCN@b110000 | |
| 105 | @aabk a 000yy | |
| 106 | @ar | |
| 200 | 1 | @a区域农产品冷链物流配送优化研究@Aqu yu nong chan pin leng lian wu liu pei song you hua yan jiu@dResearch on optimization of distribution for regional cold chain logistics of agricultural products@f姚源果著@zeng |
| 210 | @a北京@c中国农业出版社@d2020.8 | |
| 215 | @a132页@c图, 地图@d23cm | |
| 320 | @a有书目 (第121-128页) | |
| 510 | 1 | @aResearch on optimization of distribution for regional cold Chain logistics of agricultural products@zeng |
| 606 | 0 | @a农产品@Anong chan pin@x冷冻食品@x物资配送@x研究 |
| 690 | @aF252.8@v5 | |
| 701 | 0 | @a姚源果,@Ayao yuan guo ,@f1975-@4著 |
| 801 | 0 | @aCN@b百万庄@c20211007 |
| 905 | @b1307257-260@dF252.8@e334@f4 | |
| 区域农产品冷链物流配送优化研究=Research on optimization of distribution for regional cold chain logistics of agricultural products/姚源果著.-北京:中国农业出版社,2020.8 |
| 132页:图, 地图;23cm |
| ISBN 978-7-109-27134-0:CNY58.00 |
| ● |
| 相关链接 |
|
|
|
|
正题名:区域农产品冷链物流配送优化研究
索取号:F252.8/334
 
预约/预借
| 序号 | 登录号 | 条形码 | 馆藏地/架位号 | 状态 | 备注 |
| 1 | 1307257 | 213072574 | 第一样本阅览室/ [索取号:F252.8/334] | 在馆 | |
| 2 | 1307258 | 213072583 | 第一借阅区/ [索取号:F252.8/334] | 在馆 | |
| 3 | 1307259 | 213072592 | 第一借阅区/ [索取号:F252.8/334] | 在馆 | |
| 4 | 1307260 | 213072609 | 第一借阅区/ [索取号:F252.8/334] | 在馆 |